000 00190nam a22000857a 4500
008 160628b xxu||||| |||| 00| 0 eng d
100 _91256
_aIgen, B
245 _aBhagat Singh
260 _aD
_bManoj
999 _c1031
_d1031